000 02089nam0a2200313 4500
001 RU\NLR\bibl\1485261
005 20260419063947.0
021 _aRU
_b2010-2752
_9164
035 _a(NLR Aleph) 001476880
090 _a1678793
_c1678793
100 _a20100127d2009 |||y0rusy50 ca
101 0 _arus
102 _aRU
105 _ay dm |||||
200 1 _aМестное самоуправление в Российской Федерации (правовые, организационные и экономические основы)
_eучебно-методическое пособие для направления 080500 "менеджмент"-бакалавриат в области "государственного и муниципального управления" и для специальности 080504 "государственное и муниципальное управление" для всех курсов очной и заочной форм обучения
_fФедеральное агентство по образованию, Ижевский гос. технический ун-т
_g[сост.: к. ист. н., доц. Т. В. Замостьянова и др.]
210 _aИжевск
_cИзд-во ИжГТУ
_d2009
215 _a98 с.
_d20
606 1 _aМестное самоуправление
_jУчебно-методические пособия для высших учебных заведений
_yРоссийская Федерация
_92077686
_3RU\NLR\auth\661253368
686 _aС556.372.2я73-14
_2rubbk
686 _aХ621.011.2я73
702 1 _aЗамостьянова
_bТ. В.
_gТамара Владимировна
_4220
712 0 2 _4570
_aИжевский государственный технический университет им. М. Т. Калашникова
_3RU\NLR\AUTH\889953746
_9403502
801 0 _aRU
_bRuMoRGB
_c20100127
_grcr
801 1 _aRU
_bRuMoRGB
_c20100127
801 2 _aRU
_bNLR
_c20100315
_grcr
942 _cBOOK
980 _aNB